Ricardo und Marx als Werttheoretiker : eine kritische Studie /

Bibliographic Details
Main Author: Rosenberg, J. (Jesaiah), 1871-1937
Corporate Author: Gale (Firm)
Format: eBook
Language:German
Published: Wien : Kommissionsverlag von I. Brand, [1904]
Series:Making of the modern world. Part 2 (1851-1914)
Subjects:
Online Access:Connect to the full text of this electronic book

MARC

Tag First Indicator Second Indicator Subfields
LEADER 00000cam a2200000L 4500
001 in00003852002
005 20190415181318.0
006 m o d
007 cr |n||||||||n
008 890911s1904 au ob 000 0dger
035 |a (MiFhGG)MOMW202976 
035 |a (OCoLC)797286879 
040 |a TGPSM  |c UtOrBLW  |d UtOrBLW 
050 4 |a HB203  |b .R674 1904 
100 1 |a Rosenberg, J.  |q (Jesaiah),  |d 1871-1937.  |0 http://id.loc.gov/authorities/names/nr97025986 
245 1 0 |a Ricardo und Marx als Werttheoretiker :  |b eine kritische Studie /  |c von J. Rosenberg. 
264 1 |a Wien :  |b Kommissionsverlag von I. Brand,  |c [1904] 
300 |a 1 online resource (128 pages). 
336 |a text  |b txt  |2 rdacontent 
337 |a computer  |b c  |2 rdamedia 
338 |a online resource  |b cr  |2 rdacarrier 
490 1 |a The making of the modern world. Part 2 (1851-1914) 
500 |a Reproduction from the Rare Book and Manuscript Library of Columbia University. 
504 |a Includes bibliographical references. 
500 |a Electronic resource. 
600 1 0 |a Marx, Karl,  |d 1818-1883.  |0 http://id.loc.gov/authorities/names/n79006935 
600 1 0 |a Ricardo, David,  |d 1772-1823.  |0 http://id.loc.gov/authorities/names/n78095325 
650 0 |a Value.  |0 http://id.loc.gov/authorities/subjects/sh85141930 
655 7 |a Electronic books.  |2 local 
710 2 |a Gale (Firm)  |0 http://id.loc.gov/authorities/names/no2008071348 
830 0 |a Making of the modern world. Part 2 (1851-1914) 
856 4 0 |u http://proxy.library.tamu.edu/login?url=http://find.galegroup.com/openurl/openurl?url_ver=Z39.88-2004&url_ctx_fmt=info:ofi/fmt:kev:mtx:ctx&res_id=info:sid/gale:MOME&ctx_enc=info:ofi:enc:UTF-8&rft_val_fmt=info:ofi/fmt:kev:mtx:unknown&rft.artnum=U113144270&req_dat=info:sid/gale:ugnid:txshracd2898  |z Connect to the full text of this electronic book  |t 0 
999 f f |s 0e09d4ef-e818-3eeb-9037-b26c77121d95  |i 22a1ab5c-d522-3fe5-b457-23d43afed903  |t 0 
952 f f |a Texas A&M University  |b College Station  |c Electronic Resources  |d Available Online  |t 0  |e HB203 .R674 1904  |h Library of Congress classification 
998 f f |a HB203 .R674 1904  |t 0  |l Available Online